000 00319nam a2200097Ia 4500
082 _ampl-13
245 0 _aThe rough guide to babies & toddlers : the essential guide to caring for babies and toddlers
100 _a COOKE, Kaz London, 2009
_994741
942 _cBK
008 210817s9999 xx 000 0 und d
999 _c388521
_d388520